Jürgen Draeger : Lebensläufe /
Uloženo v:
| Korporativní autor: | |
|---|---|
| Další autoři: | |
| Médium: | Kniha |
| Jazyk: | němčina |
| Vydáno: |
Berlin :
Janssen,
1990.
|
| Tagy: |
Žádné tagy, Buďte první, kdo vytvoří štítek k tomuto záznamu!
|
MARC
| LEADER | 00000nam#a2200000#i#4500 | ||
|---|---|---|---|
| 001 | (DE-602)almafu_BV023931786 | ||
| 003 | DE-602 | ||
| 005 | 20250907171359.0 | ||
| 007 | tu | ||
| 008 | 090904|1990####xx######r####z|||#|#ger#u | ||
| 016 | 7 | |a 74889016 |2 OCoLC | |
| 020 | |a 3925443061 | ||
| 035 | |a BV023931786 | ||
| 035 | |a (DE-599)BVBBV023931786 | ||
| 035 | |a (DE-604)BV023931786 | ||
| 040 | |c DE-604 |e rakwb |d DE-188 | ||
| 041 | 7 | |a ger |2 ISO 639-2 | |
| 245 | 0 | 0 | |a Jürgen Draeger : |b Lebensläufe / |c Hrsg.: Kunstamt Tempelhof, Berlin. |
| 264 | 1 | |a Berlin : |b Janssen, |c 1990. | |
| 300 | |a 80 S. : in gran parte illustrato | ||
| 700 | 1 | |a Draeger, Jürgen |d 1940-2020 |4 ill |0 (DE-588)118527142 | |
| 710 | 2 | |a Berlin-Tempelhof |b Kunstamt |0 (DE-588)2028516-4 | |
| 852 | 8 | |b UB |c MAG-G |h 84/90/32330(7) |8 22772913980002883 | |
| 942 | |2 ddc |c BK | ||
| 952 | |0 0 |1 0 |2 ddc |4 0 |6 B_AGF01DRAJUJUR11 |7 0 |9 8220 |a MI |b MI |d 2005-08-25 |i 4725 |l 0 |o B-AGF01-DRAJU-JUR11 |p CDOM4725 |r 2025-07-17 21:50:00 |w 2025-07-17 |x ACQUISTO |y BK | ||
| 999 | |c 6880 |d 6880 | ||